000 01345cam a22003617a 4500
003 CHAP
005 20220329142742.0
008 030529d2001 mx r 00110 d
010 _a87258
011 _a88230
035 _a98775
040 _cCHAP
082 _a972.083
_bM54
110 0 0 _aMéxico. Secretaría de Contraloría y Desarrollo Administrativo
_977158
245 0 _aInforme de labores 2001- .
_c/por Secretaría de Contraloría y Desarrollo Administrativo
260 _aMéxico, D.F. :
_bSecretaría de Contraloría y Desarrollo Administrativo,
_c2001-
300 _av.
500 _aLa biblioteca tiene : 2001
590 _aBATCH-UPD
_b10
_c20130110
_lUCH01
_h1132
590 _aBATCH-UPD
_b10
_c20130410
_lUCH01
_h0721
590 _aBATCH-UPD
_b10
_c20130914
_lUCH01
_h0301
590 _aBATCH-UPD
_b10
_c20161124
_lUCH01
_h1712
590 _aCONVERSION
_b10
_c20130109
_lUCH01
_h1348
650 1 4 _aAdministración pública
_zMéxico.
_9944
650 1 4 _aGasto público.
_947252
650 1 4 _aMéxico
_xCondiciones sociales.
_976730
651 4 _aMéxico
_xPolítica y gobierno.
_976783
901 _aBK
905 _aAlejandra Carrasco M.
942 _cLIBRO
949 _a972.083 M54 2001
_bBC
_cLIBRO
_d33724000894887
_eLIBRO
_h103637
_i98775
_sb
949 _a972.083 M54 2001
_bBC
_cLIBRO
_d33724000894945
_eLIBRO
_fc.2
_h103638
_i98775
_sb
999 _c87258
_d87258